What every engineer should know about corrosion
Salvato in:
| Autore principale: | |
|---|---|
| Natura: | Libro |
| Lingua: | inglese |
| Pubblicazione: |
Nueva York
Marcel Debker
1987
|
| Serie: | What every enginer should know, 21
|
| Soggetti: | |
| Tags: |
Aggiungi Tag
Nessun Tag, puoi essere il primo ad aggiungerne!!
|
MARC
| LEADER | 00000nam a2200000 a 4500 | ||
|---|---|---|---|
| 001 | UCY4750 | ||
| 003 | CL-VaPUC | ||
| 008 | 950328e19870000US |||||||||||||||||eng|d | ||
| 082 | 0 | 4 | |a 620.11223 |b SCH |2 21 |
| 100 | 0 | |a Schweitzer, Philip A |e author |9 333233 | |
| 245 | 1 | 0 | |a What every engineer should know about corrosion |
| 300 | |a 124 p | ||
| 942 | |c BK | ||
| 945 | |d 19950328 00:00:00 |a mfernand | ||
| 260 | |a Nueva York |b Marcel Debker |c 1987 | ||
| 650 | 7 | |a CORROSION Y ANTICORROSIVOS |2 CL-VaPUC |9 306860 | |
| 583 | |a last modification |c 19950328 00:00:00 |k Rodrigo Vera | ||
| 490 | 0 | |a What every enginer should know, 21 | |
| 999 | |c 232519 |d 232517 | ||
| 952 | |0 0 |1 0 |4 0 |6 620_112230000000000_SCH_1987 |7 0 |8 A |9 237176 |a BIBING |b BIBING |d 2019-11-15 |i 3071146 |l 1 |o 620.11223 SCH 1987 |p 3071146 |r 2025-01-20 |s 2023-09-15 |w 2019-11-15 |y BK |k EIQ | ||